Isolation and identification of bacterial pathogens from bovine raw milk samples in and around the dhaka city / (Record no. 15659)

MARC details
000 -LEADER
fixed length control field 00945nam a22002537a 4500
003 - CONTROL NUMBER IDENTIFIER
control field BD-DhSAU
005 - DATE AND TIME OF LATEST TRANSACTION
control field 20220215110304.0
008 - FIXED-LENGTH DATA ELEMENTS--GENERAL INFORMATION
fixed length control field 210929b |||||||| |||| 00| 0 eng d
040 ## - CATALOGING SOURCE
Original cataloging agency BD-DhSAU
082 ## - DEWEY DECIMAL CLASSIFICATION NUMBER
Edition number 22
Item number 571.92
Classification number Si29
100 ## - MAIN ENTRY--PERSONAL NAME
Personal name SIKDER, TAHMINA
Relator term Registration No.:# 12-05033
245 ## - TITLE STATEMENT
Title Isolation and identification of bacterial pathogens<br/>from bovine raw milk samples in and around the <br/>dhaka city<br/> /<br/>
Remainder of title Ms Thesis
260 ## - PUBLICATION, DISTRIBUTION, ETC. (IMPRINT)
Place of publication, distribution, etc. Sher-e-Bangla Agricultural University ;
Name of publisher, distributor, etc. Department of PATHOLOGY;
Date of publication, distribution, etc. 2020;
300 ## - PHYSICAL DESCRIPTION
Extent v;
Other physical details 64p.;
Dimensions 30cm.;
500 ## - GENERAL NOTE
General note Including Index.;
590 ## - Name of Cataloguer
Name of Cataloger Nazmul
600 ## - SUBJECT ADDED ENTRY--PERSONAL NAME
Fuller form of name bacterial pathogens
610 ## - SUBJECT ADDED ENTRY--CORPORATE NAME
Corporate name or jurisdiction name as entry element bovine raw milk
650 ## - SUBJECT ADDED ENTRY--TOPICAL TERM
Topical term or geographic name as entry element around the dhaka city
700 ## - ADDED ENTRY--PERSONAL NAME
Personal name Asst. Prof. Dr. Amina Khatun
Relator term Supervisor
710 ## - ADDED ENTRY--CORPORATE NAME
Corporate name or jurisdiction name as entry element Dr. Jahangir Alam
Relator term Co-Supervisor
856 ## - ELECTRONIC LOCATION AND ACCESS
Link text Online Access
Uniform Resource Identifier <a href="http://archive.saulibrary.edu.bd:8080/xmlui/handle/123456789/3613">http://archive.saulibrary.edu.bd:8080/xmlui/handle/123456789/3613</a>
942 ## - ADDED ENTRY ELEMENTS (KOHA)
Source of classification or shelving scheme Dewey Decimal Classification
Koha item type MS Level Thesis
Holdings
Withdrawn status Lost status Source of classification or shelving scheme Damaged status Not for loan Collection code Home library Branch Name Date acquired Total Checkouts Full call number Barcode Date last seen Price effective from Koha item type
    Dewey Decimal Classification   Not For Loan Reference SAU Library SAU Library 15/02/2022   571.92 Si29 43193 15/02/2022 15/02/2022 MS Level Thesis